000 00581cam a22002053a 4500
001 40806
003 PGUSA
005 20140828083919.0
008 120920s2012||||xxu|||||s|||||000 | eng d
040 _aPGUSA
_beng
042 _adc
100 1 _aBrandeis, Madeline,
_d1897-1937
245 1 0 _aLittle Jeanne of France
_h[electronic resource] /
_cMadeline Brandeis
260 _bProject Gutenberg,
_c2012
506 _aPublic domain in the USA.
516 _aElectronic text
830 0 _aProject Gutenberg
_v40806
856 4 0 _uhttp://www.gutenberg.org/ebooks/40806
942 _cEB
999 _c270058
_d270058